MARC details
| 000 -LEADER |
| fixed length control field |
04258cam a22005417i 4500 |
| 001 - CONTROL NUMBER |
| control field |
data |
| 005 - DATE AND TIME OF LATEST TRANSACTION |
| control field |
20260322212122.0 |
| 008 - FIXED-LENGTH DATA ELEMENTS--GENERAL INFORMATION |
| fixed length control field |
data |
| 035 ## - SYSTEM CONTROL NUMBER |
| System control number |
22225289 |
| 010 ## - LIBRARY OF CONGRESS CONTROL NUMBER |
| LC control number |
2021287631 |
| 020 ## - INTERNATIONAL STANDARD BOOK NUMBER |
| International Standard Book Number |
9780744026948 |
| Qualifying information |
(paperback) |
| 020 ## - INTERNATIONAL STANDARD BOOK NUMBER |
| International Standard Book Number |
0744026946 |
| Qualifying information |
(paperback) |
| 035 ## - SYSTEM CONTROL NUMBER |
| System control number |
(OCoLC)1239727695 |
| 040 ## - CATALOGING SOURCE |
| Original cataloging agency |
CGP |
| Language of cataloging |
eng |
| Transcribing agency |
CGP |
| Description conventions |
rda |
| Modifying agency |
DLC |
| -- |
ZJI |
| -- |
CLE |
| -- |
QX7 |
| -- |
OCLCO |
| -- |
OCLCF |
| -- |
OJ4 |
| -- |
DLC |
| 042 ## - AUTHENTICATION CODE |
| Authentication code |
lccopycat |
| 050 00 - LIBRARY OF CONGRESS CALL NUMBER |
| Classification number |
SB453 |
| Item number |
.L39 2021 |
| 082 04 - DEWEY DECIMAL CLASSIFICATION NUMBER |
| Classification number |
635 |
| Edition information |
23 |
| 245 00 - TITLE STATEMENT |
| Title |
How to garden / |
| Statement of responsibility, etc. |
contributors, Guy Barter [and nine others] |
| 250 ## - EDITION STATEMENT |
| Edition statement |
American edition. |
| 250 ## - EDITION STATEMENT |
| Edition statement |
Second edition. |
| 264 #1 - PRODUCTION, PUBLICATION, DISTRIBUTION, MANUFACTURE, AND COPYRIGHT NOTICE |
| Place of production, publication, distribution, manufacture |
New York, NY : |
| Name of producer, publisher, distributor, manufacturer |
DK Publishing, |
| Date of production, publication, distribution, manufacture, or copyright notice |
2021. |
| 264 #4 - PRODUCTION, PUBLICATION, DISTRIBUTION, MANUFACTURE, AND COPYRIGHT NOTICE |
| Date of production, publication, distribution, manufacture, or copyright notice |
©2008 |
| 300 ## - PHYSICAL DESCRIPTION |
| Extent |
351 pages : |
| Other physical details |
color illustrations ; |
| Dimensions |
24 cm |
| 336 ## - CONTENT TYPE |
| Content type term |
text |
| Content type code |
txt |
| Source |
rdacontent |
| 337 ## - MEDIA TYPE |
| Media type term |
unmediated |
| Media type code |
n |
| Source |
rdamedia |
| 338 ## - CARRIER TYPE |
| Carrier type term |
volume |
| Carrier type code |
nc |
| Source |
rdacarrier |
| 500 ## - GENERAL NOTE |
| General note |
Includes index. |
| 500 ## - GENERAL NOTE |
| General note |
"First published in Great Britain in 2008"--Colophon. |
| 500 ## - GENERAL NOTE |
| General note |
"Previously published as Learn to garden"--Cover. |
| 505 0# - FORMATTED CONTENTS NOTE |
| Formatted contents note |
Assessing your space. How to assess your space ; The weather ; Sun, shade, and the seasons ; Your microclimate ; Your soil ; Landscape inspiration -- Flower beds & borders. Designing beds and borders ; Size, shape, and layout ; Choosing your plants ; Making a planting plan ; Sunny sites ; Shady sites ; Wet, sticky soils ; Dry, free-draining soils ; Exposed sites ; Rock gardens ; Choosing and buying plants -- Perennials, annuals, & biennials. Growing perennials ; Growing annuals and biennials -- Bulbs. Growing bulbs -- Shrubs. Growing shrubs ; Pruning shrubs -- Climbers. Growing climbers ; Pruning climbers -- Roses. Growing roses -- Grasses, bamboos, & ferns. Growing grasses ; Growing bamboos ; growing ferns -- Lawns, meadows, & gravel gardens. What sort of lawn? ; Looking after your lawn ; What's wrong with my lawn? ; Making a new lawn ; Alternatives to grass ; Wildflower meadows ; Gravel gardens -- Trees. Trees ; Caring for trees -- Hedges. Hedges ; Caring for hedges -- Containers. Growing plants in containers ; Care and maintenance ; Growing crops in containers -- Crops. Where to grow crops ; Growing vegetables ; Root vegetables ; Leafy vegetables ; Growing herbs ; Growing fruit ; Fruit trees ; Fruit bushes and soft fruits -- Tools & techniques. The basic tool kit ; Watering ; Mulches ; Feeding your plants ; Compost ; Digging ; Weeding ; Eco-gardening ; Propagating plants -- Garden doctor. What's wrong? ; Garden pests & parasites ; Plant diseases ; Keeping plants healthy -- Garden year planner. Early spring ; Mid- to late spring ; Early summer ; Mid- to late summer ; Fall ; Winter -- Glossary -- Understanding plant names. |
| 520 ## - SUMMARY, ETC. |
| Summary, etc. |
Whatever your level of expertise, you'll find everything you need to know in this easy-to-follow gardening guide. This book contains the principles of good gardening - how plants work and how to give them what they need, as well as step-by-step advice, top tips, and essential techniques. Keen on starting your own garden or looking for gardening tips to improve your existing gardening skills? This simple guide will show you where to start, what tools and techniques to use, and how to troubleshoot common garden problems. From bulbs to borders, weeds to watering, pick up gardening techniques, practical basics, and simple skills which will have your garden blooming, this gardening guide is the perfect text to help you master the essentials of gardening. |
| 650 #0 - SUBJECT ADDED ENTRY--TOPICAL TERM |
| Topical term or geographic name entry element |
Gardening. |
| 650 #0 - SUBJECT ADDED ENTRY--TOPICAL TERM |
| Topical term or geographic name entry element |
Flower gardening. |
| 650 #0 - SUBJECT ADDED ENTRY--TOPICAL TERM |
| Topical term or geographic name entry element |
Vegetable gardening. |
| 650 #0 - SUBJECT ADDED ENTRY--TOPICAL TERM |
| Topical term or geographic name entry element |
Herb gardening. |
| 650 #0 - SUBJECT ADDED ENTRY--TOPICAL TERM |
| Topical term or geographic name entry element |
Container gardening. |
| 650 #0 - SUBJECT ADDED ENTRY--TOPICAL TERM |
| Topical term or geographic name entry element |
Garden tools. |
| 650 #7 - SUBJECT ADDED ENTRY--TOPICAL TERM |
| Topical term or geographic name entry element |
Container gardening. |
| Source of heading or term |
fast |
| Authority record control number or standard number |
(OCoLC)fst00876517 |
| 650 #7 - SUBJECT ADDED ENTRY--TOPICAL TERM |
| Topical term or geographic name entry element |
Flower gardening. |
| Source of heading or term |
fast |
| Authority record control number or standard number |
(OCoLC)fst00927841 |
| 650 #7 - SUBJECT ADDED ENTRY--TOPICAL TERM |
| Topical term or geographic name entry element |
Garden tools. |
| Source of heading or term |
fast |
| Authority record control number or standard number |
(OCoLC)fst00937833 |
| 650 #7 - SUBJECT ADDED ENTRY--TOPICAL TERM |
| Topical term or geographic name entry element |
Gardening. |
| Source of heading or term |
fast |
| Authority record control number or standard number |
(OCoLC)fst00937852 |
| 650 #7 - SUBJECT ADDED ENTRY--TOPICAL TERM |
| Topical term or geographic name entry element |
Herb gardening. |
| Source of heading or term |
fast |
| Authority record control number or standard number |
(OCoLC)fst00955300 |
| 650 #7 - SUBJECT ADDED ENTRY--TOPICAL TERM |
| Topical term or geographic name entry element |
Vegetable gardening. |
| Source of heading or term |
fast |
| Authority record control number or standard number |
(OCoLC)fst01164731 |
| 700 1# - ADDED ENTRY--PERSONAL NAME |
| Personal name |
Barter, Guy, |
| Relator term |
contributor. |
| 906 ## - LOCAL DATA ELEMENT F, LDF (RLIN) |
| a |
7 |
| b |
cbc |
| c |
copycat |
| d |
2 |
| e |
ncip |
| f |
20 |
| g |
y-gencatlg |
| 925 0# - |
| -- |
acquire |
| -- |
1 shelf copy |
| -- |
policy default |